Statystyki dla Co kupujemy w sklepie spożywczym przed wyjazdem na biwak?

Kliknij tutaj aby rozwiązać quiz!

Ogólne statystyki

  • Ten quiz został rozwiązany 19 razy
  • Średni wynik to 3 z 6

Statystyki odpowiedzi

Odpowiedź% Poprawnych
Wodę
63%
Konserwy
56%
Bułki
44%
Alkohol
38%
Kiełbasę
31%
Kanapki
19%

Rozkład punktacji

Percentyl według liczby udzielonych odpowiedzi

Procent ludzi z każdym wynikiem

Twoja historia wyników

Nie rozwiązałeś tego quizu